000 00232nam a2200085Ia 4500
245 0 _aLiving with panic disorder
100 _a Strijdom, Vickus Pretoria, 2009
_985987
942 _cBK
008 210817s9999 xx 000 0 und d
999 _c324593
_d324592